00505nmm a2200145Ia 4500008004100000020001500041041000800056100003700064245007400101264007800175300001800253490002200271650001700293856004900310251105s9999||||xx |||||||||||||||||und|| a8479084936 aspa aRíos Carratalá, Juan Antonio 0aLa ciudad provinciana :b Literatura y cine en torno a la Calle Mayor a[Madrid, España] :bPublicaciones de la Universidad de Alicante, c1999 a232 páginas a--Sin Colección aFilm studies uhttps://public.digitaliapublishing.com/a/581